Statistics for German States (sorted by area)

Click here to take the quiz!

General Stats

  • This quiz has been taken 305 times
  • The average score is 10 of 16

Answer Stats

km²Answer% Correct
70,549Bavaria
100%
47,618Lower Saxony
77%
892Berlin
72%
755Hamburg
72%
404Bremen
71%
2,569Saarland
68%
21,115Hesse
61%
35,752Baden-Württemberg
60%
18,416Saxony
58%
29,477Brandenburg
56%
20,445Saxony-Anhalt
55%
15,763Schleswig-Holstein
53%
16,172Thuringia
50%
19,847Rhineland-Palatinate
48%
23,174Mecklenburg-Vorpommern
46%
34,043North Rhine-Westphalia
42%

Score Distribution

Percentile by Number Answered

Percent of People with Each Score

Your Score History

You have not taken this quiz